Statistics for Countries that contain the letter J

Click here to take the quiz!

General Stats

  • This quiz has been taken 84 times
  • The average score is 6 of 7

Answer Stats

Contains...Answer% Correct
JJapan
98%
JJordan
97%
JJamaica
93%
JAzerbaijan
85%
JDjibouti
76%
JFiji
71%
JTajikistan
71%

Score Distribution

Percentile by Number Answered

Percent of People with Each Score

Your Score History

You have not taken this quiz